000 00556nam a2200181Ia 4500
008 151202s9999||||xx |||||||||||||| ||und||
082 _bPNVM-53638
100 _aकाशिकर एस्.एम्.
245 _aबेईमान.
260 _b"मनमोहिनी प्रकाशन,पुणे."
260 _c1986
300 _a147
600 _aकाशिकर एस्.एम्.
630 _aबेईमान.
700 _aकाशिकर एस्.एम्.
730 _aबेईमान.
942 _cBOOK
999 _c1320177
_d1320174